| 000 | 00576na a2200217 4500 | ||
|---|---|---|---|
| 001 | 19928 | ||
| 003 | MIRAKIL | ||
| 005 | 20181213155041.0 | ||
| 008 | 161228b tu 000 0 | ||
| 020 | _a9280632310 | ||
| 040 |
_aMilas _btur _cTR-AnCHP |
||
| 041 | _atur | ||
| 082 |
_a362 _bU48 1996 |
||
| 090 | _a362 U48 1996 | ||
| 245 |
_aUlusların gelişmesi 1996 _cUNICEF |
||
| 260 |
_aNew York _bUNICEF _c1996 |
||
| 300 |
_a54 s. _bres.; tbl.; grf. _c30 sm. |
||
| 650 |
_aToplumsal refah _xUluslar |
||
| 710 | _aUnited Nations Children's Fund (UNICEF) | ||
| 942 |
_2dcc _cBKS |
||
| 999 |
_c5594 _d5594 |
||